Vista normal Vista MARC

Entrada Topical Term

Número de registros utilizados en: 1

001 - CONTROL NUMBER

  • control field: 37086

003 - CONTROL NUMBER IDENTIFIER

  • control field: OSt

005 - DATE AND TIME OF LATEST TRANSACTION

  • control field: 20210423105814.0

008 - FIXED-LENGTH DATA ELEMENTS

  • fixed length control field: 210423|| aca||aabn | a|a d

040 ## - CATALOGING SOURCE

  • Original cataloging agency: OSt
  • Transcribing agency: OSt

150 ## - HEADING--TOPICAL TERM

  • Topical term or geographic name entry element: Blanqueó de capitales

670 ## - SOURCE DATA FOUND

  • Source citation: Work cat.: (OSt)11558: Pelaez Ruiz- Fornells, Alejandro F., autor 24100, Blanqueo de capitales : , 2014